| 000 | 01476cam a22005294i 4500 | ||
|---|---|---|---|
| 003 | PE-LiUPU | ||
| 005 | 20250731170434.0 | ||
| 008 | 150623s r 000 0 d | ||
| 035 | _a(Sirsi) a29678 | ||
| 040 |
_aPE-LiUPU _bspa _cPE-LiUPU _erda |
||
| 082 | 0 | 4 |
_a128 _bB481l _221 |
| 100 | 1 |
_aBeorlegui, Carlos, _eautor. |
|
| 245 | 1 | 0 |
_aLecturas de antropología filosófica / _cCarlos Beorlegui. |
| 264 | 1 |
_aBilbao : _bDesclee de Brouwer, _c1988. |
|
| 300 |
_a278 páginas : _c21 centímetros. |
||
| 336 |
_atext _2rdacontent |
||
| 337 |
_aunmediated _2rdamedia |
||
| 338 |
_avolume _2rdacarrier |
||
| 526 | _aSEG68 | ||
| 526 | _aSEG70 | ||
| 526 | _aSEG69 | ||
| 526 | _aSEG67 | ||
| 526 | _aSEG43 | ||
| 526 | _aP144 | ||
| 526 | _aP143 | ||
| 526 | _aP131 | ||
| 526 | _aP122 | ||
| 526 | _aP120 | ||
| 526 | _aP117 | ||
| 526 | _aP112 | ||
| 526 | _aP110 | ||
| 526 | _aP106 | ||
| 526 | _aP101 | ||
| 526 | _aP80 | ||
| 526 | _aP59 | ||
| 526 | _aP54 | ||
| 526 | _aP35 | ||
| 526 | _aP33 | ||
| 526 | _aP30 | ||
| 650 | 1 | 4 |
_a Antropología filosófica _vEnsayos, conferencias, etc. _93310 |
| 650 | 1 | 4 |
_aLibertad (Filosofía) _93311 |
| 650 | 1 | 4 |
_aOntología _vEnsayos, conferencias, etc. _93312 |
| 942 |
_2ddc _cBK |
||
| 949 |
_a306.001 B13 _wDEWEY _c1 _i36290 _lCCODEBUL1 _mBUL _p00.00 _r0 _sY _tBOOK _u2015-06-24 _xBIBLIOTECA _zUNKNOWN _0COMPRA _o.STAFF. Colección General |
||
| 999 |
_c37054 _d37054 |
||
| 980 |
_81 _gALBERTO SANCHEZ Responsable de Automatización |
||